000
00295nam a2200121Ia 4500
008
191201s2013 xx 000 0 und d
100
_a
NASH, WA
245
0
_a
Strength of Materials Schaum's Outlines
260
_a
N. Delhi
_b
TMH
_c
2013
300
_a
Misc
650
_a
B.Tech(ME)
942
_2
ddc
_c
BK
999
_c
6142
_d
6142